00785nam a2200265Ia 4500003000900000005001700009008004100026040001300067040001300080041000800093041000800101100002800109245002000137250001000157260001200167260000900179300001100188300001200199490002900211490000700240600003300247942001200280999001700292952021000309IT-RoPAU20220918175844.0120407s9999 xx 000 0 und d aIT-RoPAU cIT-RoPAU agre bgre aNicola Cabasilas935922 aLa vie en Crist aParis aDu Cerf c1989 a360 p. c19.5 cm aSources Chretiennes, 355 v12 ai tome: livres I - IV936117 cBK2ddc c33373d33373 00102ddc406276_800000000000000_3_3471aPAULUSbPAULUSd2012-04-11l0o276.8 3.34r2012-04-11 00:00:00w2012-04-11yBKzInserito da: Giancarlo In data: 24 ottobre 2011 fondo: Via A.Severo 56 Progr:22419